Obálka Náhled e-knihy:
Epub
Pro půjčování e-knih musíte být přihlášeni.
Jak si půjčit online?

V ohrožení /

Čtrnáctý díl z řady knih, které jsou zároveň milostnými romány a detektivkami.

Uloženo v:
Série:Buchanan-Renard, část 14
Hlavní autor: Garwood, Julie, 1946-2023 (Autor)
Další autoři: Cindričová, Magda (Autor)
Médium: E-kniha
Jazyk:Czech
Vydáno: Ostrava : OLDAG, 2022
Vydání:První vydání
Témata:
Příbuzné jednotky:Z cyklu:: Buchanan-Renard
Tagy:
Žádné tagy
LEADER 02614nam a2200433 i 4500
001 311795
003 CZ PrSKC
005 20260601215712.0
007 ta
008 221123s2022 xr g 000 f cze
015 |a cnb003473969 
020 |a 9788074113352  |q (vázáno) 
035 |a (OCoLC)1357141049 
040 |a ABG001  |b cze  |e rda 
041 1 |a cze  |h eng 
072 7 |a 821.111(73)-3  |x Americká próza  |2 Konspekt 
080 |a 821.111(73)-31  |2 MRF 
080 |a (0:82-31)-055.2  |2 MRF 
100 1 |a Garwood, Julie,  |d 1946-2023  |7 jn20000810284  |4 aut 
240 1 0 |a Grace under fire.  |l Česky 
245 1 0 |a V ohrožení /  |c Julie Garwood ; z anglického originálu Grace under fire ... přeložila Magda Cindričová 
250 |a První vydání 
264 1 |a Ostrava :  |b OLDAG,  |c 2022 
300 |a 407 stran ;  |c 21 cm 
336 |a text  |b txt  |2 rdacontent 
337 |a bez média  |b n  |2 rdamedia 
338 |a svazek  |b nc  |2 rdacarrier 
520 2 |a Čtrnáctý díl z řady knih, které jsou zároveň milostnými romány a detektivkami.  |b Jakmile se Michael Buchanan stane osobním strážcem Grace Isabel MacKennové, uvědomí si, že bude potřebovat všechny své mimořádné schopnosti mimo jiné i proto, že Grace je přesvědčená, že nikoho takového nepotřebuje. Grace Isabel MacKennové padne na ulici do náruče zraněný muž a vzápětí oba začne pronásledovat ten, kdo po zraněném střílel. Grace v sebeobraně po zabijákovi vystřelí a zabije ho. Při jednání s policií jí pomůže právník Michael Buchanan a po vyčerpávajících výsleších je volná. Jakmile se Grace vydá do Skotska uplatnit nárok na dědictví, jede Michael přes její odpor za ní. Brzy si musí poradit s hrozbou a nebezpečím, jimž je Grace Isabel vystavena, ale také se vzájemnou narůstající náklonností. Nakladatelská anotace. 
655 7 |a americké romány  |7 fd131796  |2 czenas 
655 7 |a romány pro ženy  |7 fd187897  |2 czenas 
655 9 |a American fiction  |2 eczenas 
655 9 |a women's novels  |2 eczenas 
700 1 |a Cindričová, Magda  |7 jn20000810283  |4 trl 
787 0 8 |i Z cyklu:  |t Buchanan-Renard  |g 14  |w (CZ-CtDS)255d0f4d-40c4-5f02-9644-e00796083250 
900 |a ABA001  |b 20 
044 |a xr 
910 |a RBIT002 
998 |d 365739  |a https://core.palmknihy.cz/api/books/365739/cover?rmvvu3  |b https://core.palmknihy.cz/api/books/365739/cover/400?rmvvu3  |c https://core.palmknihy.cz/api/books/365739/cover/50?rmvvu3  |e 2027-10-10  |g 416  |i 9788074113352  |j https://core.palmknihy.cz/api/books/365739/preview.epub  |l   |q 49  |r 1  |s https://www.palmknihy.cz/kniha/365739  |t ebook  |y 2022  |z 0 
999 |d 311793